| 000 | 01133cam a2200325 i 4500 | ||
|---|---|---|---|
| 001 | 17833380 | ||
| 003 | SISC | ||
| 005 | 20170117100321.0 | ||
| 008 | 130801s2014 nyua b 001 0 eng | ||
| 010 | _a 2013029306 | ||
| 020 | _a9780077862527 (alk. paper) | ||
| 020 | _a9780077161088 | ||
| 020 | _a007786252X (alk. paper) | ||
| 040 |
_aDLC _beng _cDLC _erda _dDLC |
||
| 042 | _apcc | ||
| 050 | 0 | 0 |
_aHD 30.28 _b.D474 2014 |
| 082 | 0 | 0 | _a658.4/012 |
| 100 | 1 | _aDess, Gregory G. | |
| 245 | 1 | 0 |
_aStrategic management : _btext and cases / _cGregory G. Dess, G.T. Lumpkin, Alan B. Eisner, Gerry McNamara. |
| 250 | _a7th edition. | ||
| 260 |
_aUnited Kingdom : _bMcGraw-Hill, _c2014. |
||
| 300 |
_a1 volume (various pagings) : _bcolor illustrations ; _c27 cm. |
||
| 500 | _aIncludes bibliographical references and index. | ||
| 650 | 0 | _aStrategic planning. | |
| 700 | 1 | _aLumpkin, G. T. | |
| 700 | 1 | _aEisner, Alan B. | |
| 906 |
_a7 _bcbc _corignew _d1 _eecip _f20 _gy-gencatlg |
||
| 942 |
_2lcc _cBK _kFOR |
||
| 999 |
_c288354 _d288354 |
||